[Event "SLO-chT U16 Girls"]
[Site "Murska Sobota"]
[Date "2018.05.13"]
[Round "4"]
[White "Brcar, Zoja"]
[Black "Kolosa Kusej, Vita"]
[Result "0-1"]
[WhiteElo "1558"]
[BlackElo "1015"]
[PlyCount "66"]
[EventDate "2018.05.11"]
[EventType "team-tourn"]
[EventRounds "5"]
[EventCountry "SLO"]
[SourceTitle "EXT 2020"]
[Source "ChessBase"]
[SourceDate "2019.10.17"]
[SourceVersion "1"]
[SourceVersionDate "2019.10.17"]
[SourceQuality "1"]

1. e4 c5 2. Nf3 d6 3. Bb5+ Bd7 4. Bxd7+ Nxd7 5. Nc3 Ngf6 6. d3 e6 7. Bg5 Be7 8. 0-0 0-0 9. Qe2 Qc7 10. Nb5 Qc6 11. Nc3 h6 12. Bh4 Ne5 13. Nxe5 dxe5 14. Bxf6 Bxf6 15. Rad1 Rad8 16. Qh5 Qa6 17. Rfe1 Kh7 18. Re3 g6 19. Qh3 b5 20. Qf3 Bg7 21. Qh3 b4 22. Ne2 Qxa2 23. Ng3 Qxb2 24. Re2 Qc3 25. Rde1 a5 26. Qh4 a4 27. Qe7 a3 28. Qa7 Ra8 29. Qb6 a2 30. Rc1 a1Q 31. Rxa1 Rxa1+ 32. Re1 Qxe1+ 33. Nf1 Qxf1# 0-1

[Event "SLO-chT U16 Girls"]
[Site "Murska Sobota"]
[Date "2018.05.11"]
[Round "1"]
[White "Brcar, Zoja"]
[Black "Groselj, Jerneja"]
[Result "0-1"]
[WhiteElo "1558"]
[BlackElo "1221"]
[PlyCount "50"]
[EventDate "2018.05.11"]
[EventType "team-tourn"]
[EventRounds "5"]
[EventCountry "SLO"]
[SourceTitle "EXT 2020"]
[Source "ChessBase"]
[SourceDate "2019.10.17"]
[SourceVersion "1"]
[SourceVersionDate "2019.10.17"]
[SourceQuality "1"]

1. e4 d5 2. exd5 Nf6 3. Nc3 c6 4. dxc6 Nxc6 5. Nf3 e5 6. d3 h6 7. Be3 Be7 8. d4 e4 9. Ne5 Bd7 10. Nxd7 Qxd7 11. Bc4 0-0 12. 0-0 Rfd8 13. Bb5 a6 14. Bxc6 Qxc6 15. Bf4 Qd7 16. Be5 Rac8 17. Bxf6 Bxf6 18. Nxe4 Bxd4 19. Qh5 Qe7 20. Rfe1 Rxc2 21. Nf6+ Qxf6 22. Rad1 Bxf2+ 23. Kf1 Bxe1+ 24. Kxe1 Re8+ 25. Qe2 Rexe2# 0-1